000 00244nam a2200097Ia 4500
008 120527s9999 xx 000 0 und d
100 _aBuck,R.et al.
245 _aIntroduction to differntial equations.
260 _bHoughton Mitton
942 _cBK
999 _c22192
_d22192